ბათუმის შოთა რუსთაველის სახელმწიფო უნივერსიტეტის ბიბლიოთეკა

ნაციონალური იდენტობა (ბიბ.ჩანაწერი № 36496)

000 -LEADER
fixed length control field 00677nam a2200229Ia 4500
001 - CONTROL NUMBER
control field 2414
003 - CONTROL NUMBER IDENTIFIER
control field GE_BSU
008 - FIXED-LENGTH DATA ELEMENTS--GENERAL INFORMATION
fixed length control field 181216s||||||||xx |||||||||||||| ||und||
020 ## - INTERNATIONAL STANDARD BOOK NUMBER
International Standard Book Number 9789994064366
040 ## - CATALOGING SOURCE
Transcribing agency GE_BSU
080 ## - UNIVERSAL DECIMAL CLASSIFICATION NUMBER
Universal Decimal Classification number 316+32
100 ## - MAIN ENTRY--PERSONAL NAME
Personal name სმითი,დ ენტონი
245 ## - TITLE STATEMENT
Title ნაციონალური იდენტობა
245 ## - TITLE STATEMENT
Statement of responsibility, etc. თარგ. ლელა პატარიძემ.
260 ## - PUBLICATION, DISTRIBUTION, ETC.
Place of publication, distribution, etc. თბილისი
260 ## - PUBLICATION, DISTRIBUTION, ETC.
Name of publisher, distributor, etc. ლოგოს პრესი
260 ## - PUBLICATION, DISTRIBUTION, ETC.
Date of publication, distribution, etc. 2008
300 ## - PHYSICAL DESCRIPTION
Extent 278 გვ.
653 ## - INDEX TERM--UNCONTROLLED
Uncontrolled term ნაციონალური იდენტობა
942 ## - ADDED ENTRY ELEMENTS (KOHA)
Koha item type წიგნი
ეგზემპლარები
Withdrawn status Lost status Damaged status Not for loan Date acquired Barcode Date last seen Price effective from Koha item type
        2018-12-17 1612 2018-12-17 2018-12-17 წიგნი